00615nam a22001457a 4500008004100000020001500041050001800056100004200074245009300116260003500209300002300244504003300267505014300300650002600443140820s2006 mx ||||| |||| 00| 0 spa d a970076392704aKGF3061bO543 aOlea y Contro, Jean Paul Hubereautor13aEl proceso electoralb: derecho del proceso electoralc/ Jean Paul Huber Olea y Contró aMéxicob : Porrúac , 2006 axvi, 475 páginas aBibliografía (pp. 465-466) aAntecedentes históricos Generalidades El proceso electoral La jornada electoral Cómputos y declaraciones de validez de las elecciones 10aELECCIONESzMÉXICO